000 01841nam a2200349 i 4500
003 peliumch
005 20260306181100.0
007 ta
008 260303b |||||||| |||| 00| 0 eng d
020 _a9786124059612
040 _aUMCH
_bspa
_cUMCH
_djmr
_erda
041 0 _aspa
043 _as-pe---
082 _a923.27293/J64J/2012
100 1 _aJofré, Manuel
_eautor.
245 _aIntelectual orgánico :
_bde la ética del escritor a la ética del político /
_cManuel Jofré ; prólogo Roberto Reyes Tarazona.
250 _aPrimera edición
264 1 _aLima :
_bUniversidad Ricardo Palma;
_c2012
264 4 _c©2012
300 _a141 páginas ;
_c21 cm
500 _aJuan Bosch: intelectual orgánico. De la ética del escritor a la ética del político, libro del critico chileno Manuel Jofré, es una aproximación a tres facetas de la actividad de Juan Bosch, el insigne escritor que llego a la presidencia de su país: la del creador de cuentos y novelas, la del teórico del cuento y la del intelectual entregado a la política. (200)
504 _aBibliografía : páginas 139-141
505 _gI.
_tImagen del Caribe y América Latina en los cuentos de Juan Bosch: Patria y exilio--
_gII.
_tEl desarrollo de la teoría del cuento de Juan Bosch--
_gIII.
_tJuan Bosch, el intelectual orgánico y la carta del confinamiento--
_gIV.
_tBosch y la pluralidad de voces--
_gV.
_tTeoría y práctica en un intelectual integral--
_gVI.
_tBreve antología de textos de Juan Bosch.
521 _aRecomendado para un público en general.
600 1 4 _aBosch, Juan
_d1909-2001
_xCrítica e interpretación
700 1 _aReyes Tarazona, Roberto,
_eprólogo
942 _2ddc
_cLIB
_n0
999 _c53667
_d53667